Podnikové aplikácie hedgingu pomocou finančných derivátov diplomová práca

Gespeichert in:
Bibliographische Detailangaben
1. Verfasser: Fečíková, Anna
Körperschaft: Podnikovohospodárska fakulta EU so sídlom v Košiciach. Katedra účtovníctva a financií
Weitere Verfasser: Výrost, Tomáš, 1978-
Format: Buch
Sprache:Slowakisch
Veröffentlicht: Košice 2008
Tags: Tag hinzufügen
Keine Tags, Fügen Sie das erste Tag hinzu!

MARC

LEADER 00000nam$a2200000$$$4500
001 0077397
005 20240201120007.5
041 0 |a slo 
044 |a SK 
245 1 0 |a Podnikové aplikácie hedgingu pomocou finančných derivátov  |b diplomová práca  |c Anna Fečíková ; škol. Tomáš Výrost 
264 1 |a Košice  |c 2008 
300 |a 89 s. 
100 1 |a Fečíková, Anna 
700 1 |a Výrost, Tomáš, 1978- 
710 2 |a Podnikovohospodárska fakulta EU so sídlom v Košiciach. Katedra účtovníctva a financií